| 000 | 00517nam a2200169 4500 | ||
|---|---|---|---|
| 999 |
_c13743 _d13743 |
||
| 008 | 160905b xxu||||| |||| 00| 0 eng d | ||
| 020 | _a9966011528 | ||
| 050 |
_aPL 8701 _bI7 2011 |
||
| 100 | _aIribemwangi, P. I. | ||
| 245 |
_aIsimu jamii/ _cP. I. Iribe mwangi [and] Ayub Mukhwana |
||
| 260 |
_aNairobi: _bFocus Publishers Ltd, _c2011 |
||
| 300 | _a178 p. | ||
| 504 | _aIncludes bibl. refs. | ||
| 600 | _aSwahili language | ||
| 700 | _aMukhwana, Ayub | ||
| 942 |
_2lcc _cAFRICANA _hPL 8701 I7 2011 _059 |
||